SIA Puzzle Hunt: Sets Missing One Quiz Stats

Quiz Updated Sep 23, 2015

Score 0/64 Timer 20:00
2 Plays Today
Set % Correct
????
100%
????
82.8%
????
66%
????
59.2%
????
56.1%
????
55%
????
54.8%
????
54%
????
53.8%
????
53.1%
????
51.3%
????
50.7%
????
49.1%
????
47.6%
????
37.8%
????
34%
????
34%
????
30.4%
????
30%
????
29.9%
????
29.7%
????
29.6%
????
29.2%
????
26.9%
????
26.8%
????
26.8%
????
24.6%
????
24.6%
????
24.6%
????
24%
????
23.8%
????
21.7%
Set % Correct
????
21.4%
????
21.3%
????
20%
????
20%
????
19.5%
????
19.3%
????
19.2%
????
17.8%
????
17.7%
????
17.7%
????
17.6%
????
16.2%
????
16%
????
15.9%
????
15.9%
????
13.9%
????
13.9%
????
13.9%
????
13.8%
????
13.8%
????
12.9%
????
12.5%
????
12.3%
????
12.1%
????
12.1%
????
11.8%
????
9.6%
????
9.6%
????
9.6%
????
9.5%
????
9.5%
????
7.7%

You're not logged in!

Compare scores with friends on all Sporcle quizzes.
Sign Up with Email
OR
Log In

You Might Also Like...

Show Comments

Extras

Top Quizzes Today


Score Distribution

Your Account Isn't Verified!

In order to create a playlist on Sporcle, you need to verify the email address you used during registration. Go to your Sporcle Settings to finish the process.